| 000 | 00491cam a22001337a 4500 | ||
|---|---|---|---|
| 008 | 180718b2013 xxu||||| |||| 00| 0 eng d | ||
| 020 | _a9780198769293 | ||
| 082 | _aT31 C859 | ||
| 100 | _aCrawley, Eileen , Swailes, Stephen and Walsh, David | ||
| 245 |
_aIntroduction to International human resource management _cby Eileen Crawley, Stephen Swailes and David Walsh |
||
| 260 |
_aNew Del;hi _bOUP _c2013 |
||
| 300 | _a359p. | ||
| 650 | _aInternational business enterprises -- Personnel management | ||
| 999 |
_c445674 _d445674 |
||